<?xml version="1.0" encoding="UTF-8"?><?xml-stylesheet type="text/xsl" href="static/style.xsl"?><OAI-PMH xmlns="http://www.openarchives.org/OAI/2.0/" xmlns:xsi="http://www.w3.org/2001/XMLSchema-instance" xsi:schemaLocation="http://www.openarchives.org/OAI/2.0/ http://www.openarchives.org/OAI/2.0/OAI-PMH.xsd"><responseDate>2026-06-01T19:52:26Z</responseDate><request verb="GetRecord" identifier="oai:riuma.uma.es:10630/27751" metadataPrefix="marc">https://riuma.uma.es/rest/oai/request</request><GetRecord><record><header><identifier>oai:riuma.uma.es:10630/27751</identifier><datestamp>2026-02-03T12:20:05Z</datestamp><setSpec>com_10630_2254</setSpec><setSpec>col_10630_37959</setSpec></header><metadata><record xmlns="http://www.loc.gov/MARC21/slim" xmlns:dcterms="http://purl.org/dc/terms/" xmlns:doc="http://www.lyncode.com/xoai" xmlns:xsi="http://www.w3.org/2001/XMLSchema-instance" xsi:schemaLocation="http://www.loc.gov/MARC21/slim http://www.loc.gov/standards/marcxml/schema/MARC21slim.xsd">
   <leader>00925njm 22002777a 4500</leader>
   <datafield ind2=" " ind1=" " tag="042">
      <subfield code="a">dc</subfield>
   </datafield>
   <datafield ind2=" " ind1=" " tag="720">
      <subfield code="a">Perales Vallejo, Manuel Jesús</subfield>
      <subfield code="e">author</subfield>
   </datafield>
   <datafield ind2=" " ind1=" " tag="720">
      <subfield code="a">Martínez-Murillo, Juan Francisco</subfield>
      <subfield code="e">author</subfield>
   </datafield>
   <datafield ind2=" " ind1=" " tag="720">
      <subfield code="a">Ruiz-Sinoga, José Damián</subfield>
      <subfield code="e">author</subfield>
   </datafield>
   <datafield ind2=" " ind1=" " tag="260">
      <subfield code="c">2023</subfield>
   </datafield>
   <datafield ind2=" " ind1=" " tag="520">
      <subfield code="a">Desde el Plioceno los ecosistemas mediterráneos son susceptibles a los incendios forestales y &#xd;
han ido evolucionando con la incesante actividad de este factor ecológico natural. Así, el objetivo de este &#xd;
trabajo es analizar la evolución a corto plazo del área afectada por el incendio forestal ocurrido en Sierra &#xd;
Bermeja (provincia de Málaga), con el fin de demostrar cómo está siendo la regeneración y recuperación &#xd;
de este ecosistema, claves en la gestión de su territorio. El fuego afectó a un entorno serpentínico donde &#xd;
se produjo uno de los incendios más relevantes de las últimas décadas en la provincia, con 8.401 hectáreas &#xd;
calcinadas. Para ello, se han utilizado técnicas de teledetección espacial aplicada, trabajo de campo y una &#xd;
exhaustiva búsqueda de información estadística relacionada con las principales características eco-geomorfológicas del área quemada. Los resultados arrojan que aproximadamente el 57,6% de Sierra &#xd;
Bermeja se vio afectada por este incendio, con grados de severidad moderado-alto y alto en la mayor parte &#xd;
de la superficie quemada. Como conclusión general, se identifican algunos sectores con recuperaciones &#xd;
más notables, especialmente en las áreas de monte bajo. Asimismo, cabe apuntar que el fuego ha &#xd;
provocado cambios significativos en determinadas propiedades edafológicas de los suelos muestreados.</subfield>
   </datafield>
   <datafield ind1="8" ind2=" " tag="024">
      <subfield code="a">https://hdl.handle.net/10630/27751</subfield>
   </datafield>
   <datafield tag="653" ind2=" " ind1=" ">
      <subfield code="a">Sierra Bermeja (Málaga) - Efectos de los incendios</subfield>
   </datafield>
   <datafield tag="653" ind2=" " ind1=" ">
      <subfield code="a">Incendios forestales</subfield>
   </datafield>
   <datafield tag="653" ind2=" " ind1=" ">
      <subfield code="a">Repoblación forestal - Teledetección</subfield>
   </datafield>
   <datafield ind2="0" ind1="0" tag="245">
      <subfield code="a">Evolución reciente de la superficie quemada por el incendio de Sierra Bermeja de 2021 (sur de España).</subfield>
   </datafield>
</record>
</metadata></record></GetRecord></OAI-PMH>